[Event "Bogota IRT op 06"]
[Site "Bogota"]
[Date "2012.06.11"]
[Round "6"]
[White "Pacheco, Luis Emilio"]
[Black "Bohorquez Pulgarin, Samuel"]
[Result "1-0"]
[WhiteElo "1646"]
[BlackElo "1949"]
[PlyCount "65"]
[EventDate "2012.06.08"]
[EventType "swiss"]
[EventRounds "7"]
[EventCountry "COL"]
[SourceTitle "CBM 148 Extra"]
[Source "ChessBase"]
[SourceDate "2012.06.22"]
[SourceVersion "1"]
[SourceVersionDate "2012.06.22"]
[SourceQuality "1"]

1. d4 d5 2. c4 e6 3. Nf3 Nc6 4. Nc3 Nf6 5. Bg5 Be7 6. e3 Ne4 7. Bxe7 Nxe7 8. Bd3 f5 9. cxd5 Nxd5 10. Nxe4 fxe4 11. Bxe4 0-0 12. Qc2 Nf6 13. Bd3 b6 14. 0-0 Bb7 15. e4 Qe8 16. Rfe1 Qh5 17. Qxc7 Rab8 18. Qg3 Qg4 19. Qxg4 Nxg4 20. h3 Nf6 21. Ng5 h6 22. Nxe6 Rfe8 23. d5 Bc8 24. Nd4 Rb7 25. d6 Rd7 26. e5 Nd5 27. Bb5 Nb4 28. Bxd7 Bxd7 29. e6 Bxe6 30. Rxe6 Rxe6 31. Nxe6 Kf7 32. Nc7 Nc2 33. Rd1 1-0

[Event "Bogota IRT op 06"]
[Site "Bogota"]
[Date "2012.06.10"]
[Round "5"]
[White "Rosero, Hugo Alberto"]
[Black "Pacheco, Luis Emilio"]
[Result "1-0"]
[WhiteElo "1625"]
[BlackElo "1646"]
[PlyCount "85"]
[EventDate "2012.06.08"]
[EventType "swiss"]
[EventRounds "7"]
[EventCountry "COL"]
[SourceTitle "CBM 148 Extra"]
[Source "ChessBase"]
[SourceDate "2012.06.22"]
[SourceVersion "1"]
[SourceVersionDate "2012.06.22"]
[SourceQuality "1"]

1. e4 c5 2. Nf3 d6 3. d4 cxd4 4. Nxd4 Nf6 5. Nc3 e6 6. Bg5 Be7 7. f4 h6 8. Bh4 e5 9. fxe5 dxe5 10. Ndb5 Qb6 11. Bf2 Bc5 12. Bxc5 Qxc5 13. Nd6+ Ke7 14. Nxc8+ Rxc8 15. Qf3 Nc6 16. 0-0-0 Nd4 17. Qd3 Rd8 18. Qc4 Qa5 19. Bd3 Rac8 20. Qa4 Qb6 21. Qa3+ Rd6 22. Rhf1 Ng4 23. Nd5+ Ke8 24. Nxb6 Rxb6 25. Kd2 Nf6 26. c3 Ne6 27. g3 a6 28. Rf5 Rcc6 29. Rxe5 Ng4 30. Rf5 g6 31. Rff1 Nxh2 32. Rh1 Ng4 33. Rh4 h5 34. Rxg4 hxg4 35. Rh1 Rd6 36. Rh8+ Kd7 37. Qa4+ Rbc6 38. Qa5 b6 39. Qxa6 Nc5 40. Qa8 Rxd3+ 41. Kc2 Rdd6 42. Qe8+ Kc7 43. Qc8# 1-0

[Event "Bogota Torneo Distrital op"]
[Site "Bogota"]
[Date "2010.05.14"]
[Round "1.13"]
[White "Avella Rosas, Luis Eduardo"]
[Black "Pacheco, Luis Emilio"]
[Result "1-0"]
[WhiteElo "1983"]
[BlackElo "1600"]
[PlyCount "51"]
[EventDate "2010.05.14"]
[EventType "swiss"]
[EventRounds "7"]
[EventCountry "COL"]
[SourceTitle "EXT 2024"]
[Source "ChessBase"]
[SourceDate "2023.10.10"]
[SourceVersion "1"]
[SourceVersionDate "2023.10.10"]
[SourceQuality "1"]

1. e4 c5 2. f4 d6 3. Nf3 Nc6 4. Bc4 e6 5. c3 Nf6 6. Qe2 a6 7. d4 b5 8. Bb3 c4 9. Bc2 Be7 10. a4 Bb7 11. axb5 axb5 12. Rxa8 Qxa8 13. 0-0 0-0 14. b3 Re8 15. e5 dxe5 16. fxe5 Nd7 17. bxc4 bxc4 18. Nbd2 Nb6 19. Ne4 Nd5 20. Nfg5 Bxg5 21. Nxg5 f5 22. exf6 Nxf6 23. Nxh7 Nxh7 24. Bxh7+ Kxh7 25. Qh5+ Kg8 26. Qf7+ 1-0

[Event "Bogota Torneo Distrital"]
[Site "Bogota"]
[Date "2010.04.02"]
[Round "5"]
[White "Paniagua, David"]
[Black "Pacheco, Luis Emilio"]
[Result "1-0"]
[WhiteElo "1820"]
[BlackElo "1600"]
[PlyCount "89"]
[EventDate "2010.03.31"]
[EventType "swiss"]
[EventRounds "7"]
[EventCountry "COL"]
[SourceTitle "EXT 2024"]
[Source "ChessBase"]
[SourceDate "2023.10.10"]
[SourceVersion "1"]
[SourceVersionDate "2023.10.10"]
[SourceQuality "1"]

1. Nf3 d5 2. d3 c5 3. Nbd2 Nc6 4. g3 e5 5. e4 Nf6 6. Bg2 dxe4 7. dxe4 Bg4 8. c3 Qd7 9. h3 Be6 10. Ng5 0-0-0 11. Qa4 Kb8 12. 0-0 h6 13. Nxe6 Qxe6 14. a3 Bd6 15. b4 cxb4 16. axb4 Nd7 17. b5 Nb6 18. Qc2 Ne7 19. c4 Rc8 20. Qa2 Nxc4 21. Qxa7+ Kc7 22. Nxc4 Qxc4 23. Be3 Kd7 24. Qxb7+ Rc7 25. Qb6 Nc8 26. Qa5 Rd8 27. h4 Rb7 28. Bh3+ Ke7 29. Rac1 Qxb5 30. Qxb5 Rxb5 31. Rxc8 Rxc8 32. Bxc8 Rb4 33. Re1 f6 34. Bf5 Kf7 35. Rd1 Be7 36. h5 Rb2 37. Rd7 Rc2 38. Bb6 Ke8 39. Ra7 Bc5 40. Bg6+ Kf8 41. Rf7+ Kg8 42. Bxc5 Rxc5 43. Re7 Rc8 44. Re8+ Rxe8 45. Bxe8 1-0